000
00232nam a2200097Ia 4500
008
170619s9999 xx 000 0 und d
100
_a
Mahajan M
245
0
_a
Industrial Engg. and Manegement
260
_b
Dhanpat Rai Pub.
260
_c
2002
546
_a
ENGLISH
999
_c
16639
_d
16639